书目信息 |
| 题名: |
口腔临床护理操作技术
|
|
| 作者: | 李翠兰 主编 ;魏萍 , 吕愉 副主编 | |
| 分册: | ||
| 出版信息: | 北京 军事医学科学出版社 2002.10 |
|
| 页数: | 330页 | |
| 开本: | 21cm | |
| 丛书名: | ||
| 单 册: | ||
| 中图分类: | R473.78 | |
| 科图分类: | ||
| 主题词: | 口腔科学--kou qiang ke xue--护理学 | |
| 电子资源: | ||
| ISBN: | 7-80121-346-7 | |
| 000 | 01200nam2 2200265 450 | |
| 001 | 0100000305 | |
| 005 | 20060627093657.23 | |
| 010 | @a7-80121-346-7@dCNY14.00 | |
| 100 | @a20060613d2002 ekmy0chiy0121 ea | |
| 101 | 0 | @achi |
| 102 | @aCN@b110000 | |
| 105 | @aa z 000yy | |
| 200 | 1 | @a口腔临床护理操作技术@Akou qiang lin chuang hu li cao zuo ji shu@f李翠兰主编@Fli cui lan zhu bian@g魏萍, 吕愉副主编 |
| 210 | @a北京@c军事医学科学出版社@d2002.10 | |
| 215 | @a330页@c图@d21cm | |
| 327 | 1 | @a书末有附录 (329-330页) |
| 330 | @a本书从口腔的特点出发, 系统而详细地阐述了口腔护理的特点和临床具体操作方法。第一章介绍了目前口腔临床常用的器材、器械与维护第二章讲述了为防止交叉感染, 口腔设备的灭菌和消毒方法;第三、四章叙述在临床中如何配合医师的治疗器械传递;第五章叙述了口腔的基本要求和操作要点;第六、七、八、九章分别叙述了四个主要临床专业科室所使用的器材和操作规范。 | |
| 333 | @a可作为临床护理教学参考书, 适宜广大口腔护理人员与护理大中专学生阅读 | |
| 606 | 0 | @a口腔科学@Akou qiang ke xue@x护理学 |
| 690 | @aR473.78@v4 | |
| 701 | 0 | @a李翠兰@Ali cui lan@4主编 |
| 702 | 0 | @a魏萍@Awei ping@4副主编 |
| 702 | 0 | @a吕愉@Alv yu@4副主编 |
| 801 | @aCN@bYXSD@c20060627 | |
| 905 | @aBZT@dR473.78@e1@f10 | |
| 口腔临床护理操作技术/李翠兰主编/魏萍, 吕愉副主编.-北京:军事医学科学出版社,2002.10 |
| 330页:图;21cm |
| 使用对象:可作为临床护理教学参考书, 适宜广大口腔护理人员与护理大中专学生阅读 |
| 部分内容:书末有附录 (329-330页) |
| ISBN 7-80121-346-7:CNY14.00 |
| 本书从口腔的特点出发, 系统而详细地阐述了口腔护理的特点和临床具体操作方法。第一章介绍了目前口腔临床常用的器材、器械与维护第二章讲述了为防止交叉感染, 口腔设备的灭菌和消毒方法;第三、四章叙述在临床中如何配合医师的治疗器械传递;第五章叙述了口腔的基本要求和操作要点;第六、七、八、九章分别叙述了四个主要临床专业科室所使用的器材和操作规范。 |
| ● |
| 相关链接 |
|
|
|
正题名:口腔临床护理操作技术
索取号:R473.78/1
 
预约/预借
| 序号 | 登录号 | 条形码 | 馆藏地/架位号 | 状态 | 备注 |
| 1 | 0450889 | 230008015 | 样本书库/样007架B面4层2列/ [索取号:R473.78/1] | 在馆 | |
| 2 | 0450890 | 230008014 | 中心书库中库/ 中库008架B面6列3层54/ [索取号:R473.78/1] | 在馆 | |
| 3 | 0450891 | 230008013 | 中心书库中库/ 中库008架B面6列3层59/ [索取号:R473.78/1] | 在馆 | |
| 4 | 0450892 | 230008012 | 中心书库中库/ 中库008架B面6列3层55/ [索取号:R473.78/1] | 在馆 | |
| 5 | 0450893 | 230008011 | 中心书库中库/ 中库008架B面6列3层50/ [索取号:R473.78/1] | 在馆 | |
| 6 | 0450894 | 230008010 | 中心书库中库/ 中库008架B面6列3层32/ [索取号:R473.78/1] | 在馆 | |
| 7 | 0450895 | 230008009 | 中心书库中库/ 中库008架B面6列3层31/ [索取号:R473.78/1] | 在馆 | |
| 8 | 0450896 | 230008008 | 中心书库中库/ 中库008架B面6列3层51/ [索取号:R473.78/1] | 在馆 | |
| 9 | 0450897 | 230008007 | 中心书库中库/ 中库008架B面6列3层53/ [索取号:R473.78/1] | 在馆 | |
| 10 | 0450898 | 230008006 | 中心书库中库/ 中库008架B面6列3层52/ [索取号:R473.78/1] | 在馆 |